000 00446nam a22001937a 4500
003 bpm
005 20260407092217.0
008 260407b |||||||| |||| 001 p spa d
020 _a9789877303582
024 _aS. C. C. / M. C. y E. M.:
040 _aAR-CtUCP
041 _aspa
080 _aCDU
100 _aFarré de Vaernet Telma
245 _aCaminando palabras
650 _aLiteratura - Poesía
942 _cLIB
999 _c76606
_d76606